Guess the Canadian City Based on Flag - Statistics

General Stats
  • This quiz has been taken 9 times
  • The average score is 17 of 30
Answer Stats
Picture Answer % Correct
Calgary, AB
89%
London, ON
89%
Sherbrooke, QC
89%
Whitehorse, YT
89%
Drummondville, QC
78%
Iqaluit, NU
78%
Moncton, NB
78%
Vancouver, BC
78%
Windsor, ON
78%
Edmonton, AB
67%
Kitchener, ON
67%
Mississauga, ON
67%
Ottawa, ON
67%
Quebec City, QC
67%
Toronto, ON
67%
Winnipeg, MB
67%
Yellowknife, NT
67%
Halifax, NS
56%
Montreal, QC
56%
Saskatoon, SK
44%
Charlottetown, PE
33%
Regina, SK
33%
Sarnia, ON
33%
St. John's, Newfoundland
33%
Thunder Bay, ON
33%
Greater Sudbury, ON
22%
St. John, NB
22%
Victoria, BC
22%
Kingston, ON
11%
Oshawa, ON
11%
No matching quizzes found
Score Distribution
Percent of People with Each Score
Percentile by Number Answered
Your Score History
You have not taken this quiz